Kỹ thuật vận chuyển cá giống

محفوظ في:
التفاصيل البيبلوغرافية
المؤلف الرئيسي: Phạm Văn Trang
التنسيق: كتاب
اللغة:Undetermined
منشور في: Hà Nội Nông nghiệp 1980
الموضوعات:
الوسوم: إضافة وسم
لا توجد وسوم, كن أول من يضع وسما على هذه التسجيلة!
Thư viện lưu trữ: Trung tâm Học liệu Trường Đại học Cần Thơ
LEADER 00509nam a2200169Ia 4500
001 CTU_46449
008 210402s9999 xx 000 0 und d
082 |a 639.31 
082 |b Tr106 
100 |a Phạm Văn Trang 
245 0 |a Kỹ thuật vận chuyển cá giống 
245 0 |c Phạm Văn Trang 
260 |a Hà Nội 
260 |b Nông nghiệp 
260 |c 1980 
650 |a fishery conservation,fishes - transportation 
980 |a Trung tâm Học liệu Trường Đại học Cần Thơ